|
|
|
|
| LEADER |
00000nab a2200000 a 4500 |
| 001 |
vtls011121237 |
| 003 |
SK-MaSNL |
| 005 |
20260303115618.0 |
| 008 |
230127|1957 xo |||||||||||||||||slo| |
| 015 |
|
|
|a SNBRB
|
| 035 |
|
|
|a (uuid)99202653-09c5-44f2-824c-a01f9c359848
|
| 035 |
|
|
|a (urnnbn)urn:nbn:sk:snk:ar-a08qqs
|
| 035 |
|
|
|a urn:nbn:sk:snk-ab9s3s
|
| 040 |
|
|
|a SNKBUCL
|b slo
|c SNKBUCL
|e AACR2
|
| 041 |
0 |
|
|a slo
|
| 044 |
|
|
|a xo
|c SK
|
| 100 |
1 |
|
|a Greguš, Jozef,
|d 1919-1967
|4 aut
|9 42002
|
| 245 |
1 |
0 |
|a Stratifikácia a škôlkovanie viničových štepov
|c Jozef Greguš
|
| 773 |
0 |
|
|t Ovocinár a vinohradník : odborný časopis pre povznesenie ovocinárstva, vinohradníctva a záhradníctva
|g Roč. 5, č. 4 (1957), s. 59-60
|
| 954 |
|
|
|a odborná, vedecká literatúra pôvodná (slovenská)
|2 lita
|
| 958 |
|
|
|a OND
|
| 958 |
|
|
|a EUIPO
|
| 958 |
|
|
|a article13
|
| 999 |
|
|
|c 1904721
|d 1906651
|